Environmental engineering (Record no. 5357)

000 -LEADER
fixed length control field 00678nam a2200241 4500
001 - CONTROL NUMBER
control field 5357
003 - CONTROL NUMBER IDENTIFIER
control field BD-DhUET
008 - FIXED-LENGTH DATA ELEMENTS--GENERAL INFORMATION
fixed length control field 141126b xxu||||| |||| 00| 0 eng d
020 ## - INTERNATIONAL STANDARD BOOK NUMBER
International Standard Book Number 0071002316
040 ## - CATALOGING SOURCE
Transcribing agency 0
Modifying agency BD-DhUET
082 ## - DEWEY DECIMAL CLASSIFICATION NUMBER
Classification number 628
Item number PEA/1985
100 ## - MAIN ENTRY--PERSONAL NAME
Personal name Peavy, Howard S
245 ## - TITLE STATEMENT
Title Environmental engineering
250 ## - EDITION STATEMENT
Edition statement 1st ed.
260 ## - PUBLICATION, DISTRIBUTION, ETC. (IMPRINT)
Place of publication, distribution, etc. New york
Name of publisher, distributor, etc. McGraw-Hill
Date of publication, distribution, etc. 1985
300 ## - PHYSICAL DESCRIPTION
Extent xiv,699 p.+various paging
Other physical details ill.
490 ## - SERIES STATEMENT
Series statement McGraw-Hill series in water resources and environmental engineering
504 ## - BIBLIOGRAPHY, ETC. NOTE
Bibliography, etc Includes bibliographies
650 #0 - SUBJECT ADDED ENTRY--TOPICAL TERM
Topical term or geographic name as entry element Environmental engineering
700 ## - ADDED ENTRY--PERSONAL NAME
Personal name Rowe, Donald R.
700 ## - ADDED ENTRY--PERSONAL NAME
Personal name Tchobanoglous, George
942 ## - ADDED ENTRY ELEMENTS (KOHA)
Koha item type General Book
Holdings
Copy number Location (home branch) Koha full call number Damaged status Koha normalized classification for sorting Piece designation (barcode) Koha item type Sublocation or collection (holding branch) Koha issues (times borrowed) Shelving location Lost status Koha renewals Koha date last borrowed Source of classification or shelving scheme Price effective from Not for loan Date acquired Withdrawn status Koha date last seen
1Central Library, BUET628/PEA/1985 628PEA198581896General BookCentral Library, BUET9Circulation section  2023-12-10 2014-11-26 2014-11-26 2024-09-08
2Central Library, BUET628/PEA/1985 628PEA198581895General BookCentral Library, BUET10Circulation section  2024-03-16 2014-11-26 2014-11-26 2024-06-02
3Central Library, BUET628/PEA/1985 628_000000000000000_PEA_198588788Reading ItemCentral Library, BUET Reading section    2015-06-18 2015-06-18 2015-06-18
4Central Library, BUET628/PEA/1985 628_000000000000000_PEA_198587579Reading ItemCentral Library, BUET Reading section    2015-06-18 2015-06-18 2015-06-18
5Central Library, BUET628/PEA/1985 628_000000000000000_PEA_198581894General BookCentral Library, BUET2Circulation section  2020-03-16 2017-10-31 1991-10-28 2021-11-13
ক-৫১Central Library, BUET628 PEA/1985 628_000000000000000_PEA_198581847Rental ItemCentral Library, BUET Rental section    2024-12-01 1991-10-28 2024-12-01
ক-৭৮Central Library, BUET628 PEA/1985 628_000000000000000_PEA_198581874Rental ItemCentral Library, BUET Rental section    2024-12-01 1991-10-28 2024-12-01
ক-৭৯Central Library, BUET628 PEA/1985 628_000000000000000_PEA_198581875Rental ItemCentral Library, BUET Rental section    2024-12-01 1991-10-28 2024-12-01
ক-৮০Central Library, BUET628 PEA/1985 628_000000000000000_PEA_198581876Rental ItemCentral Library, BUET Rental section    2024-12-01 1991-10-28 2024-12-01
ক-৮১Central Library, BUET628 PEA/1985 628_000000000000000_PEA_198581877Rental ItemCentral Library, BUET Rental section    2024-12-01 1991-10-28 2024-12-01
ক-৮২Central Library, BUET628 PEA/1985 628_000000000000000_PEA_198581878Rental ItemCentral Library, BUET Rental section    2024-12-01 1991-10-28 2024-12-01
ক-৮৩Central Library, BUET628 PEA/1985 628_000000000000000_PEA_198581879Rental ItemCentral Library, BUET Rental section    2024-12-01 1991-10-28 2024-12-01
ক-৮৪Central Library, BUET628 PEA/1985 628_000000000000000_PEA_198581880Rental ItemCentral Library, BUET Rental section    2024-12-01 1991-10-28 2024-12-01
ক-৮৫Central Library, BUET628 PEA/1985 628_000000000000000_PEA_198581881Rental ItemCentral Library, BUET Rental section    2024-12-01 1991-10-28 2024-12-01
ক-৮৬Central Library, BUET628 PEA/1985 628_000000000000000_PEA_198581882Rental ItemCentral Library, BUET Rental section    2024-12-01 1991-10-28 2024-12-01
ক-৮৭Central Library, BUET628 PEA/1985 628_000000000000000_PEA_198581883Rental ItemCentral Library, BUET Rental section    2024-12-01 1991-10-28 2024-12-01
ক-৮৭Central Library, BUET628 PEA/1985 628_000000000000000_PEA_198581884Rental ItemCentral Library, BUET Rental section    2024-12-01 1991-10-28 2024-12-01